Eastern Utah Libraries Catalog: Duchesne, Heber, Roosevelt, & Vernal

Booker T. Washington / (Record no. 139937)

MARC details
000 -LEADER
fixed length control field 02218pam a2200469 a 4500
008 - FIXED-LENGTH DATA ELEMENTS--GENERAL INFORMATION
fixed length control field 071214s2009 mnua j b 001 0beng
010 ## - LIBRARY OF CONGRESS CONTROL NUMBER
LC control number 2007051500
020 ## - INTERNATIONAL STANDARD BOOK NUMBER
International Standard Book Number 9781602701779 (lib. bdg.)
020 ## - INTERNATIONAL STANDARD BOOK NUMBER
International Standard Book Number 1602701776 (lib. bdg.)
040 ## - CATALOGING SOURCE
Original cataloging agency DLC
Transcribing agency DLC
Modifying agency ICrlF
043 ## - GEOGRAPHIC AREA CODE
Geographic area code n-us---
050 00 - LIBRARY OF CONGRESS CALL NUMBER
Classification number E185.97.W4
Item number D86 2009
082 04 - DEWEY DECIMAL CLASSIFICATION NUMBER
Classification number 370/.92
-- B
Edition number 22
035 ## - SYSTEM CONTROL NUMBER
System control number (IMchF)fol11895679
005 - DATE AND TIME OF LATEST TRANSACTION
control field 20241220144234.0
001 - CONTROL NUMBER
control field 71266
003 - CONTROL NUMBER IDENTIFIER
control field DCL
100 1# - MAIN ENTRY--PERSONAL NAME
Personal name Dunn, Joeming W.
9 (RLIN) 5701271
245 10 - TITLE STATEMENT
Title Booker T. Washington /
Statement of responsibility, etc written by Joeming Dunn ; illustrated by Chris Allen.
260 ## - PUBLICATION, DISTRIBUTION, ETC. (IMPRINT)
Place of publication, distribution, etc Edina, Minn. :
Name of publisher, distributor, etc Magic Wagon,
Date of publication, distribution, etc c2009.
300 ## - PHYSICAL DESCRIPTION
Extent 32 p. :
Other physical details chiefly col. ill. ;
Dimensions 24 cm.
440 #0 - SERIES STATEMENT/ADDED ENTRY--TITLE
Title Bio-graphics
9 (RLIN) 5898083
440 #0 - SERIES STATEMENT/ADDED ENTRY--TITLE
Title Graphic planet
9 (RLIN) 5697347
520 ## - SUMMARY, ETC.
Summary, etc A graphic novel retelling of the life of Booker T. Washington, discussing his years as a slave, education, creation of the Tuskegee Normal and Insustrial Institute, efforts to end segregation, and other related topics.
504 ## - BIBLIOGRAPHY, ETC. NOTE
Bibliography, etc Includes bibliographical references (p. 30) and index.
505 0# - FORMATTED CONTENTS NOTE
Formatted contents note Born a slave -- Early education -- Principal Washington -- A new cause -- Fighting segregation -- Many honors.
521 0# - TARGET AUDIENCE NOTE
Target audience note 4.1
Source Follett Library Resources
521 2# - TARGET AUDIENCE NOTE
Target audience note 3-6
Source Follett Library Resources
600 10 - SUBJECT ADDED ENTRY--PERSONAL NAME
Personal name Washington, Booker T.,
Dates associated with a name 1856-1915
Form subdivision Comic books, strips, etc.
-- Juvenile literature.
9 (RLIN) 6296859
650 #0 - SUBJECT ADDED ENTRY--TOPICAL TERM
Topical term or geographic name as entry element African Americans
Form subdivision Biography
-- Comic books, strips, etc.
-- Juvenile literature.
9 (RLIN) 6521448
650 #0 - SUBJECT ADDED ENTRY--TOPICAL TERM
Topical term or geographic name as entry element Educators
Geographic subdivision United States
Form subdivision Biography
-- Comic books, strips, etc.
-- Juvenile literature.
9 (RLIN) 6521449
600 11 - SUBJECT ADDED ENTRY--PERSONAL NAME
Personal name Washington, Booker T.,
Dates associated with a name 1856-1915.
9 (RLIN) 6296862
650 #1 - SUBJECT ADDED ENTRY--TOPICAL TERM
Topical term or geographic name as entry element African Americans
Form subdivision Biography.
9 (RLIN) 5675868
650 #1 - SUBJECT ADDED ENTRY--TOPICAL TERM
Topical term or geographic name as entry element Educators.
9 (RLIN) 6296863
650 #1 - SUBJECT ADDED ENTRY--TOPICAL TERM
Topical term or geographic name as entry element Cartoons and comics.
9 (RLIN) 6296864
600 17 - SUBJECT ADDED ENTRY--PERSONAL NAME
Personal name Washington, Booker T.,
Dates associated with a name 1856-1915
Form subdivision Comic books, strips, etc.
Source of heading or term sears
9 (RLIN) 6296865
650 #7 - SUBJECT ADDED ENTRY--TOPICAL TERM
Topical term or geographic name as entry element African Americans
Form subdivision Biography
-- Comic books, strips, etc.
Source of heading or term sears
9 (RLIN) 6377689
650 #7 - SUBJECT ADDED ENTRY--TOPICAL TERM
Topical term or geographic name as entry element Educators
Geographic subdivision United States
Form subdivision Biography
-- Comic books, strips, etc.
Source of heading or term sears
9 (RLIN) 6521450
650 #7 - SUBJECT ADDED ENTRY--TOPICAL TERM
Topical term or geographic name as entry element Comic books, strips, etc.
Source of heading or term sears
9 (RLIN) 81753
700 1# - ADDED ENTRY--PERSONAL NAME
Personal name Allen, Chris,
Dates associated with a name 1972-
Relator term ill.
9 (RLIN) 5860314
942 ## - ADDED ENTRY ELEMENTS (KOHA)
Koha item type UNKNOWN
Holdings
Withdrawn status Lost status Source of classification or shelving scheme Damaged status Not for loan Collection code Home library Current library Shelving location Date acquired Cost, normal purchase price Total Checkouts Full call number Barcode Date last seen Date checked out Cost, replacement price Price effective from Koha item type
    Dewey Decimal Classification     Junior NonFiction Graphic Novels Wasatch County Library Wasatch County Library First Floor 08/03/2009 18.95 1 J GN 92 Washington 34301000867053 03/20/2024 02/20/2013 18.95 03/20/2020 BOOK
This project was made possible through a grant from the Institute of Museum and Library Service administered by the Utah State Library Division.

Wasatch County Library

  • 465 East 1200 South, Heber City, Utah 84032
  • Phone 435-654-1511 | Fax 435-654-6456

Hours

  • Monday - Friday 9:30 AM - 8:00 PM
  • Saturday 9:30 AM - 1:30 PM
  • Closed Sundays and Holidays